| 000 | 00000nam##2200000za#4500 |
| 001 | 9.697809 |
| 003 | CaOODSP |
| 005 | 20210624235639 |
| 007 | cr ||||||||||| |
| 008 | 150407|1977||||xxc|||||o f|0| 0 eng|d |
| 040 | |aCaOODSP|beng |
| 043 | |an-cn--- |
| 086 | 1 |aA73-1407/1977E-PDF |
| 110 | 1 |aCanada.|bAgriculture Canada. |bFood Advisory Services. |
| 245 | 10|aFestive foods |h[electronic resource] |
| 250 | |aRevised for Christmas 1977 |
| 260 | |aOttawa - Ontario : |bAgriculture Canada. |cc1977. |
| 300 | |a8p. |
| 500 | |aHistorical publication digitized by Agriculture and Agri-Food Canada. Originally published 1969. |
| 590 | |a13-17-Supp|b2013-07-25 |
| 690 | 07|aCooking|2gcpds |
| 690 | 07|aHolidays|2gcpds |
| 690 | 07|aHome economics|2gcpds |
| 856 | 40|ahttp://publications.gc.ca|qPDF|s560 KB|uhttps://publications.gc.ca/collections/collection_2013/aac-aafc/agrhist/A73-1407-1977-eng.pdf |
| 986 | |a1407 |